00549nam a2200169Ia 4500008004100000020001800041041000800059082001300067100004300080245001500123250000600138260006100144300001400205650001400219999001900233952012700252210716s2010 xx 000 0 und d a9780070700710 aeng a330 SAMP aSamuelson, Paul A;Nordhaus, William D. aEconomics. a7 aNew DelhibTata McGraw Hill Publishing Company Ltdc2010 axlvii,916 aEconomics c197816d197816 00102ddc40738MBAaAIMITbAIMITd2004-06-12g350.00l0o330 SAMPpMBA00381r2025-07-21 00:00:00v280.00w2021-07-16yBK